000 00372nam a2200145Ia 4500
100 _aDesai/C.S/ Abel/John F
942 _cBK
366 _f20
654 _afinite element
245 _aIntroduction to finite element method:A numerical method for engineering analysis
260 _bCBS
_aNew Delhi
_c1972
082 _a620.0015/DES
300 _a477
546 _aENGLISH
999 _c24799
_d24799